[Event "Klubbmesterskapet 2013"]
[Site "Follo, Akershus NOR"]
[Date "2013.04.29"]
[Round "9"]
[White "Flügel, Stefan"]
[Black "Stensland, Martin"]
[Result "1-0"]
[WhiteElo "1702"]
[BlackElo "1153"]
[Annotator "Flügel, Stefan"]
[PlyCount "55"]
[EventDate "2013.01.17"]

{593MB} 1. f4 {For første gang åpner jeg slik i et offisielt parti. Det er
alltid morsomt (og ofte lurt) å overraske litt [%emt 0:00:00]} f5 (1... d5 2.
Nf3 Nf6 3. b3 c5 4. Bb2 e6 5. e3 {f eks er langt mer vanlig. Den hvite
strukturen er jeg kjent med fra speilvendt siden som svar på 1.d4 (altså med
minustempo). Det føles derfor naturlig å inkludere 1f4 i åpningsreportoaret
mitt}) 2. e4 Nf6 ({det er fullt mulig å akseptere gambiten.} 2... fxe4 3. d3
exd3 4. Bxd3 Nf6 {og det agressive ...} 5. g4 {besvares enkelt med ...} d5 6.
g5 Ne4) 3. e5 Nd5 4. d4 e6 5. a3 Nc6 6. c4 Nb6 7. Nc3 a6 8. Nf3 d6 {
Hvit er fått en fin romfordel. Nå gjelder det å forsvare sentrumet.} 9. d5 $1 {
Å forsvare sentrum mer passivt med Le3 er også mulig men i følge Rybka ikke så
godt som det mer aktived5} exd5 (9... Na5 10. b3 c6 11. dxc6 bxc6 {
var muligens bedre}) 10. cxd5 Ne7 11. Be3 dxe5 12. Bxb6 cxb6 13. fxe5 {
Selv om materaliet er likt (og selv om det ikke truer noe) vurderer Rybka
stillingen til ca. +2 for hvit. To (vel forsvarte) sentrumsbønder er nok en
stor positionelltrumf} Ng6 14. d6 {
her er det bedre å hindre motstander sin utvikling enn å utvilke seg selv} Bd7
({etter partiet forslår jeg for Martin å ofre springern for de to
sentrumsbønder, f.eks ...} 14... Nxe5 15. Nxe5 Qxd6 16. Qxd6 Bxd6 {det bør nok
også være vunnet for hvit men hvis svart klarer å får potensialet ut fra
løperparet kan det muligens skaffe praktiske vanskeligheter.}) 15. Bc4 b5 16.
Bd5 Qb6 17. Qd2 b4 18. axb4 ({Rykba anbefaler ...} 18. Bf7+ $1 Kxf7 19. Ng5+
Ke8 20. Nd5 Qa5 21. Nc7+ Kd8 22. Nf7+ Kc8 23. Nxa8 Kb8 24. Nc7) 18... Qxb4 19.
O-O Nf4 20. Ng5 Nxd5 21. Qxd5 O-O-O 22. Nf7 Qxb2 {gjør det lett for hvit} 23.
Rfb1 Bc6 24. Qxc6+ {
jeg så ikke at det var mulig å beholde egen dronning med følgende variant...} (
24. Qe6+ Bd7 25. Qc4+ Bc6 26. Rxb2) 24... bxc6 25. Rxb2 g6 26. Nxh8 Bg7 27. Nf7
Rd7 28. Rxa6 {her ga svart opp. Det blir matt f eks etter Txf7 Ta8+ Kd7 Tb7+
Ke6 Te8+ Te7 Txe7#} 1-0

[Event "Klubbmesterskapet 2013"]
[Site "Ås, Akershus NOR"]
[Date "2013.05.16"]
[Round "9"]
[White "Kielland-Lund, Jon"]
[Black "Olsen, Trygve"]
[Result "1-0"]
[WhiteElo "1604"]
[BlackElo "1292"]
[PlyCount "83"]

1. c4 c5 2. Nf3 Nc6 3. d4 cxd4 4. Nxd4 e5 5. Nb5 d6 6. N1c3 a6 7. Na3 Nf6 8.
Bg5 Be7 9. Nc2 h6 10. Bxf6 Bxf6 11. Ne3 Be6 12. Ned5 Bg5 13. e3 h5 14. h4 Be7
15. Be2 g6 16. g3 f5 17. Qd2 Qa5 18. Rd1 Rd8 19. a3 Bxd5 20. Nxd5 Qxd2+ 21.
Rxd2 Na5 22. b4 Nb3 23. Rd1 a5 24. Rb1 a4 25. Nb6 f4 26. Nxa4 Ra8 27. Rxb3 Rxa4
28. Bf3 Ra7 29. Ke2 fxg3 30. fxg3 O-O 31. Ra1 Rfa8 32. Rd3 Rd8 33. a4 Bf6 34.
Ra2 Kg7 35. a5 b6 36. a6 Be7 37. Bb7 Kf6 38. Rd5 Kf5 39. Kf3 Rf8 40. Rf2 Ke6+
41. Ke2 Bf6 42. Rb5 1-0

[Event "Klubbmesterskapet 2013"]
[Site "Ås, Akershus NOR"]
[Date "2013.04.25"]
[Round "9"]
[White "Furnes, Torstein"]
[Black "Aalmo, Alexander"]
[Result "1-0"]
[WhiteElo "1588"]
[BlackElo "1129"]
[Annotator "Furnes, Torstein"]
[PlyCount "41"]

1. d4 g6 2. c4 Bg7 3. e4 d6 4. Nf3 e5 5. dxe5 dxe5 6. Qxd8+ Kxd8 7. Nc3 c6 8.
Be3 Be6 9. Ng5 Ke7 10. Bc5+ Kf6 11. Nxe6 fxe6 12. O-O-O Na6 13. Bd6 Bh6+ 14.
Kb1 Ne7 $6 (14... Bf8) 15. Rd3 Rhd8 16. Rf3+ (16. c5) 16... Nf5 ({
Svart kan unngå å miste offiser ved å spille} 16... Bf4 17. c5 g5 18. g3 g4 19.
Rd3 Bg5) 17. c5 ({Mulig var også} 17. exf5 Rxd6 18. Ne4+ Ke7 19. f6+ Kd7 20.
Nxd6 Kxd6) 17... Bf4 18. exf5 exf5 19. g3 Bh6 20. Bc4 ({Sterkere er} 20. Ne4+
Kg7 (20... Kf7 21. Bc4+ Kg7 (21... Ke8 22. Nf6#) 22. Bxe5+ Kf8 23. g4) (20...
Ke6 $2 21. Bc4+ Kd7 22. Nf6+ Kc8 23. Be6+ Rd7 24. Bxd7+ Kd8 25. Rb3) 21. Bxe5+
Kf8 22. Bxa6 bxa6 23. Nd6) 20... b5 21. Bb3 {Her kom det dessverre en lyd fra
svarts mobiltelefon, og han tapte dermed partiet.} ({Sterkere er} 21. Ne4+ Kg7
22. Bxe5+ Kf8 23. Bb3 Re8 24. Nf6 Rxe5 25. Nd7+ Kg7 26. Nxe5) ({eller} 21. cxb6
Rxd6 22. b7 Rb8 23. Ne4+ Ke7 24. Nxd6 Kxd6 25. Bxa6) 1-0

[Event "Klubbmesterskapet 2013"]
[Site "Follo, Akershus NOR"]
[Date "2013.05.08"]
[Round "9"]
[White "Thowsen, Alf Geir"]
[Black "Moberg, Jan Rune"]
[Result "0-1"]
[WhiteElo "1159"]
[BlackElo "1541"]
[Annotator "Fritz 10"]
[PlyCount "56"]

1. d4 e6 2. c4 b6 3. Nc3 Bb4 4. Nf3 Bb7 5. Bd2 Nf6 6. e3 O-O 7. a3 Bxc3 8. Bxc3
Ne4 9. Rc1 d5 10. cxd5 exd5 11. Bd3 Nd7 12. O-O c5 13. dxc5 Ndxc5 14. Bd4 Rc8
15. Nd2 Nxd3 16. Nxe4 dxe4 17. Qg4 f6 18. Qe6+ Kh8 19. Rc3 Nf4 20. Qg4 Rxc3 21.
Bxc3 Nd3 22. f3 exf3 23. gxf3 Qe7 24. e4 Bc8 25. Qg2 Nf4 26. Qc2 Bh3 27. Rd1
Qc5+ 28. Rd4 Ne6 (28... Qg5+ 29. Kf2 (29. Kh1 Bg2+ 30. Kg1 Nh3#) 29... Qg2+ 30.
Ke3 Qxc2 31. Rd2 (31. Kxf4 Qf2 32. e5 fxe5+ 33. Kxe5 Qe3+ 34. Kd6 Qe6+ 35. Kc7
Qc8+ 36. Kd6 Qc5#) 31... Qc1 32. Kxf4 Qg1 33. e5 fxe5+ 34. Kxe5 Qe3+ 35. Kd5
Qe6+ 36. Kd4 Rd8#) 0-1

[Event "Høstturneringen 2012"]
[Site "Ås, Akershus NOR"]
[Date "2012.08.30"]
[Round "1"]
[White "Snellingen, Jørn"]
[Black "Simonsen, Steinar"]
[Result "1-0"]
[WhiteElo "1836"]
[BlackElo "1336"]
[PlyCount "53"]
[EventDate "2012.08.30"]

1. d4 d5 2. c4 e6 3. Nc3 c5 4. Nf3 Nf6 5. g3 Nc6 6. cxd5 Nxd5 7. Bg2 Nxc3 8.
bxc3 cxd4 9. cxd4 Bb4+ 10. Bd2 Bxd2+ 11. Qxd2 Qa5 12. Qxa5 Nxa5 13. Ne5 f6 14.
Nd3 O-O 15. Rc1 Bd7 16. Nc5 Rac8 17. O-O Bc6 18. Nxe6 Rfe8 19. d5 Bd7 20. Nc5
Bb5 21. Bh3 Rcd8 22. Ne6 Rxd5 23. Nc7 Rh5 24. Nxe8 Rxh3 25. Nd6 Bd7 26. Rc7 Be6
27. Re7 1-0

[Event "Høstturneringen 2012"]
[Site "Ås, Akershus NOR"]
[Date "2012.08.30"]
[Round "1"]
[White "Weberg, Øivind"]
[Black "Lea, Per"]
[Result "0-1"]
[WhiteElo "1348"]
[BlackElo "1655"]
[PlyCount "64"]
[EventDate "2012.08.30"]

1. e4 e5 2. Nf3 Nc6 3. Bb5 a6 4. Ba4 Nf6 5. d3 d6 6. c3 Be7 7. O-O O-O 8. Bc2
Bg4 9. Be3 d5 10. exd5 Nxd5 11. Re1 f5 12. Bb3 Kh8 13. Nbd2 f4 14. Nc4 fxe3 15.
fxe3 Bc5 16. Qd2 Bxf3 17. gxf3 Rxf3 18. d4 exd4 19. exd4 Ba7 20. Ne5 Nxe5 21.
Rxe5 c6 22. Rae1 Rf8 23. Qg2 Nf4 24. Qe4 Qh4 25. Bd1 Nh3+ 26. Kg2 Qxe4+ 27.
R1xe4 Nf2 28. Re1 Nxd1 29. Rxd1 Kg8 30. Rde1 g6 31. Re7 Rf7 32. R7e6 Bb6 {
Hvit tapte på tid} 0-1

[Event "Høstturneringen 2012"]
[Site "Ås, Akershus NOR"]
[Date "2012.08.30"]
[Round "1"]
[White "Garmark, Vegard"]
[Black "Kielland-Lund, Jon"]
[Result "0-1"]
[WhiteElo "1187"]
[BlackElo "1587"]
[PlyCount "84"]
[EventDate "2012.08.30"]

1. e4 c6 2. d4 d5 3. Bd3 dxe4 4. Bxe4 Nf6 5. Bf3 Bf5 6. Ne2 e6 7. Ng3 Bg6 8.
Nc3 Bb4 9. a3 Bxc3+ 10. bxc3 O-O 11. O-O Nbd7 12. Re1 Qc7 13. Nh5 Nxh5 14. Bxh5
Bxh5 15. Qxh5 c5 16. dxc5 Qxc5 17. Qg4 Qxc3 18. Bh6 Qf6 19. Be3 Rfc8 20. Rad1
Nc5 21. Bd4 Qg6 22. Qh4 f6 23. f4 b6 24. Bb2 Rd8 25. Qf2 Qe8 26. Qe3 Rxd1 27.
Rxd1 Rd8 28. Re1 Qd7 29. Qg3 Kf7 30. Bc3 Qd5 31. Qg4 Qf5 32. Qxf5 exf5 33. Bb4
Ne4 34. c4 Rd4 35. Rc1 a5 36. c5 axb4 37. cxb6 Rd7 38. Rc7 Rxc7 39. bxc7 Nd6
40. axb4 Ke7 41. b5 Nc8 42. Kf2 Kd7 0-1

[Event "Høstturneringen 2012"]
[Site "Ås, Akershus NOR"]
[Date "2012.08.30"]
[Round "1"]
[White "Moberg, Jan Rune"]
[Black "Stensland, Martin"]
[Result "1-0"]
[WhiteElo "1511"]
[BlackElo "1160"]
[PlyCount "113"]
[EventDate "2012.08.30"]

1. c4 e6 2. d4 Nf6 3. g3 Nc6 4. Nf3 h6 5. Bg2 d6 6. O-O Be7 7. b3 O-O 8. Bb2 d5
9. Nbd2 a5 10. Ne5 Ra6 11. a3 Nxe5 12. dxe5 Nd7 13. cxd5 exd5 14. Bxd5 c6 15.
Bg2 Nc5 16. Qc2 Ne6 17. Ne4 c5 18. e3 Ng5 19. Nd2 Bh3 20. Bxh3 Nxh3+ 21. Kg2
Ng5 22. h4 Ne6 23. f4 Rc6 24. Rad1 Qc8 25. Qe4 Nc7 26. f5 f6 27. Nc4 Rd8 28.
Nxa5 Rb6 29. exf6 Bxf6 30. Bxf6 gxf6 31. Rxd8+ Qxd8 32. Nxb7 Qd5 33. Qxd5+ Nxd5
34. Nxc5 Nxe3+ 35. Kf2 Nxf1 36. Kxf1 Kf7 37. Ke2 Ke7 38. Kd3 Kd6 39. Kd4 Ke7
40. b4 Rd6+ 41. Kc4 Rd8 42. a4 Rg8 43. Ne4 h5 44. a5 Rc8+ 45. Kd5 Rb8 46. Kc5
Rc8+ 47. Kb5 Rb8+ 48. Kc4 Rc8+ 49. Kb5 Rb8+ 50. Ka4 Rd8 51. a6 Rd1 52. Ka5 Rd5+
53. b5 Rxf5 54. a7 Rf1 55. b6 f5 56. Nc5 Ra1+ 57. Na4 1-0

[Event "Høstturneringen 2012"]
[Site "Ås, Akershus NOR"]
[Date "2012.08.30"]
[Round "1"]
[White "Thowsen, Alf Geir"]
[Black "Høva, Frode"]
[Result "0-1"]
[WhiteElo "1154"]
[BlackElo "1570"]
[PlyCount "52"]
[EventDate "2012.08.30"]

1. d4 Nf6 2. c4 g6 3. Nc3 d5 4. e3 Bg7 5. Bd2 O-O 6. Nf3 b6 7. cxd5 Nxd5 8. Bc4
Nxc3 9. Bxc3 Bb7 10. O-O Nd7 11. Ng5 Nf6 12. Bxf7+ Rxf7 13. Nxf7 Kxf7 14. f3
Nd5 15. Re1 Bh6 16. Bd2 Qd6 17. e4 Nf4 18. Be3 Qf6 19. Qd2 g5 20. g3 Nh3+ 21.
Kg2 g4 22. Bf4 Nxf4+ 23. gxf4 Bxf4 24. Qd3 Qh4 25. Rh1 gxf3+ 26. Qxf3 Rg8+ 0-1

[Event "Høstturneringen 2012"]
[Site "Ås, Akershus NOR"]
[Date "2012.09.19"]
[Round "1"]
[White "Furnes, Torstein"]
[Black "Olsen, Trygve"]
[Result "1-0"]
[WhiteElo "1614"]
[BlackElo "1278"]
[PlyCount "79"]

1. d4 d5 2. c4 c6 3. e3 Nf6 4. Nf3 Nbd7 5. Nc3 e6 6. Bd3 Bd6 7. O-O Ng4 {
Et trekk som ikke er spilt tidligere i databasene jeg har sjekket. Det
vanligste trekket er å rokere.} 8. e4 e5 ({Fritz foretrekker} 8... dxc4 9. Bxc4
) 9. exd5 exd4 10. Re1+ Nde5 11. Nxd4 $2 {
En stygg feil. Fritz gir hvit fordel på ca. +2 etter følgende variant:} (11. c5
$1 O-O (11... Bxc5 $2 12. Nxe5 O-O 13. Nxg4 dxc3 14. bxc3) (11... dxc3 $2 12.
cxd6 f6 13. dxc6) 12. cxd6 Nxd3 13. Qxd3 dxc3 14. dxc6 Qb6 15. Re2 Qxc6 16.
bxc3) 11... Nxf2 $6 {Tilsynelatende en fin kombinasjon, men Fritz mener at
hvit med korrekt spill får en fordel på +2.5. Mye bedre er:} (11... Qh4 12. Nf3
Qxf2+ 13. Kh1 O-O) 12. Qe2 $2 ({Jeg syntes} 12. Kxf2 Qh4+ 13. Kf1 Qxd4 {
så bra ut for svart, men Fritz mener at hvit har fordel på mellom 2 og 3 poeng
etter f.eks. følgende datavariant:} 14. Re4 $1 Qb6 15. Qh5 Kf8 16. c5 $1 Qxc5
17. Be3 Qa5 18. Rxe5 Bg4 19. Qxg4 Bxe5 20. dxc6) 12... Nfxd3 13. Qxd3 O-O 14.
Qe4 Bd7 (14... Nxc4 15. dxc6) 15. Nf3 $2 {
Tillater en liten kombinasjon som vinner bonde.} f5 ({Bedre er} 15... Nxf3+ 16.
Qxf3 (16. gxf3 $4 Re8) 16... Bxh2+ $1 {og hvit kan ikke slå løperen:} 17. Kxh2
$2 Qh4+ 18. Kg1 Qxe1+) 16. Qe2 Nxf3+ 17. gxf3 (17. Qxf3 $2 {
går selvsagt ikke pga} Bxh2+ $1 18. Kxh2 Qh4+ 19. Kg1 Qxe1+) 17... f4 {
Ulempen med dette trekket er at hvits springer får et fint felt på e4.} 18. Ne4
Bc7 $6 {Gir hvit en sterk fribonde på 6. raden. Fritz vil heller spille Le5.}
19. d6 Bb6+ 20. Kh1 (20. c5 $2 {går selvsagt ikke pga} Bxc5+ $1 21. Nxc5 Qg5+
22. Kh1 Qxc5) 20... a6 $6 {Etter hvits neste trekk blir svartsfeltløperen satt
helt ut av spill. De siste 4 trekkene utgjør et vendepunkt i partiet der Fritz
mener at fordelen har snudd fra svart fordel på ca. -1.3 til hvit fordel på ca.
+1.8. Hvit får nå snart farlig press mot svarts kongestilling via en sterk
løper på b2 og tårndobling i g-linjen.} 21. c5 Ba7 22. Qc4+ Kh8 23. b4 Qh4 $6 {
Fritz liker ikke dette trekket så godt, og ville heller spilt Lf5 eller Le8.}
24. Bb2 Rg8 25. Rg1 Qh5 26. Qc3 {
Allerede her kunne hvit ofret på g7 med avgjørende angrep.} (26. Rxg7 $3 Rxg7 (
26... Qxf3+ $2 27. Rg2+ Rg7 28. Bxg7#) 27. Bxg7+ Kxg7 28. Rg1+ Kh6 29. Qc3 Qf7
30. Qe5 Qg6 31. Rxg6+ hxg6 32. Qxf4+ Kg7 33. Ng5) 26... Qh6 27. Rg5 {
Igjen kunne hvit avgjort partiet raskt på en elegant måte:} (27. Nf6 $3 Bf5 (
27... gxf6 $4 28. Qxf6+ Qxf6 29. Bxf6+ Rg7 30. Rxg7) 28. Nxg8 Rxg8 29. Rxg7
Qxg7 30. Rg1 Qxc3 31. Bxc3+ Rg7 32. Rxg7) 27... Raf8 28. Rag1 Rf7 29. Qc2 $2 {
Med dette trekket mister hvit en del av presset. Nok en gang kunne hvit spilt
Sf6:} (29. Nf6 $3 Rxf6 30. Qxf6 Qxf6 31. Bxf6 Be6 32. Rxg7 Rxg7 33. Rxg7) 29...
Bf5 30. Qc4 Be6 31. Qd4 Bf5 ({Etter} 31... Bxa2 32. d7 {
har hvit forsert matt i få trekk} Bb6 33. Rxg7 Rfxg7 34. Rxg7 Qxg7 35. Qxg7+
Rxg7 36. cxb6 {osv}) 32. Nf6 {Først nå fant jeg at tiden var moden for Sf6.}
Rd8 ({På} 32... Rxf6 {følger} 33. Rxg7 (33. Qxf6 {er også mulig} Qxf6 34. Bxf6
Bg6 35. Rxg6 $1 hxg6 36. Rxg6 {osv}) 33... Rxg7 34. Qxf6 Qxf6 35. Bxf6 Kg8 36.
Rxg7+ Kf8 37. Rxb7) 33. Nh5 ({Aller sterkest er} 33. Rxg7 $3 Rxg7 (33... Rxf6
34. Qxf6 Qxf6 35. Bxf6) 34. Nh5 Rdg8 35. Nxg7 Bg6 36. Nf5+ Qg7 37. Nxg7 {osv})
33... Bg6 34. Qe5 ({
Nok en gang påviser Fritz at hvit kunne ofret offiser med avgjørende angrep:} 
34. Nxg7 $3 Qxg7 (34... Rxg7 $2 35. Rh5 $1 Bxh5 36. Rxg7) 35. Qxg7+ Rxg7 36.
Rxg6 $1 hxg6 37. Rxg6 Kh7 38. Rxg7+ Kh6 39. Rxb7) 34... Rdf8 35. Qe6 b6 {
Hvits sterkeste trekk er nå Sxg7 eller d7 som begge er forsert matt i få trekk.
} 36. Bd4 (36. Nxg7 $1 Rxg7 37. Rxg6 $1 hxg6 38. Rxg6 Qh7 39. Rxg7 Qb1+ 40.
Rg1+ Qxb2 41. Qh6#) (36. d7 bxc5 37. Qxf7 $1 Bxf7 38. Rxg7 Bg6 (38... Qxg7 39.
Bxg7+ Kg8 40. Nf6#) 39. R7xg6+ Qg7 40. Rxg7) 36... bxc5 37. bxc5 Bb8 38. a4 ({
Igjen er det sterkest å ofre offiser:} 38. Nxg7 Rxg7 39. Rxg6 $1 hxg6 40. Rxg6
Qh7 41. Rxg7 {osv}) 38... Rb7 39. d7 {
Nå har hvit forsert matt i 11 trekk ifølge Fritz.} Rg8 40. Qxg8+ $1 {
oppgitt. Avslutningen kunne blitt} (40. Qxg8+ Kxg8 41. d8=Q+ Kf7 42. Re1 {osv.}
) 1-0

[Event "Høstturneringen 2012"]
[Site "Ås, Akershus NOR"]
[Date "2012.09.06"]
[Round "2"]
[White "Høva, Frode"]
[Black "Hanssen, Jon Fr"]
[Result "1-0"]
[WhiteElo "1570"]
[BlackElo "1044"]
[PlyCount "55"]
[EventDate "2012.08.30"]

1. d4 e6 2. Nf3 d6 3. c4 Nc6 4. g3 Bd7 5. Bg2 Be7 6. O-O d5 7. cxd5 exd5 8. Nc3
Nf6 9. Bf4 O-O 10. a3 a6 11. b4 b5 12. Rc1 Be6 13. Qd3 h6 14. Nxb5 axb5 15.
Rxc6 Ra7 16. Rfc1 Ne8 17. R6c3 Nd6 18. Bxd6 Bxd6 19. Qxb5 Qd7 20. Qxd7 Bxd7 21.
e3 c6 22. Ne5 Bxe5 23. dxe5 Rc8 24. Bxd5 cxd5 25. Rxc8+ Bxc8 26. Rxc8+ Kh7 27.
Rc3 Rd7 28. b5 1-0

[Event "Høstturneringen 2012"]
[Site "Ås, Akershus NOR"]
[Date "2012.09.06"]
[Round "2"]
[White "Olsen, Trygve"]
[Black "Garmark, Vegard"]
[Result "1-0"]
[WhiteElo "1278"]
[BlackElo "1187"]
[PlyCount "55"]
[EventDate "2012.08.30"]

1. e4 c5 2. c4 Nc6 3. Nf3 d6 4. h3 Nf6 5. d3 e6 6. Be2 Be7 7. Nc3 a6 8. a4 O-O
9. Bf4 Rb8 10. Qd2 Na7 11. d4 cxd4 12. Qxd4 Nc6 13. Qd2 e5 14. Be3 Na5 15. Qc2
Be6 16. Nd5 Rc8 17. Bb6 Qd7 18. Bxa5 Nxd5 19. exd5 Bxd5 20. b3 e4 21. Nd4 e3
22. O-O Bf6 23. Bc3 exf2+ 24. Rxf2 b5 25. Rxf6 gxf6 26. cxd5 b4 27. Bg4 Rxc3
28. Bxd7 1-0

[Event "Høstturneringen 2012"]
[Site "Ås, Akershus NOR"]
[Date "2012.09.06"]
[Round "2"]
[White "Lea, Per"]
[Black "Moberg, Jan Rune"]
[Result "1-0"]
[WhiteElo "1655"]
[BlackElo "1511"]
[PlyCount "95"]
[EventDate "2012.08.30"]

1. e4 g6 2. d4 Bg7 3. c4 d6 4. Nc3 e6 5. Nf3 Ne7 6. b3 O-O 7. Bb2 a6 8. Be2 b6
9. O-O Bb7 10. Qc2 Nd7 11. Rad1 Nc6 12. a3 Ne7 13. d5 e5 14. Nd2 f5 15. f4 exf4
16. Rxf4 g5 17. Rff1 f4 18. Bg4 Ne5 19. Be6+ Kh8 20. Nf3 Nxf3+ 21. Rxf3 Bc8 22.
Bxc8 Rxc8 23. Ne2 Ng6 24. Bxg7+ Kxg7 25. Qc3+ Qf6 26. Nd4 Rf7 27. Ne6+ Kg8 28.
Qxf6 Rxf6 29. Nxg5 Rcf8 30. Rh3 Re8 31. Nxh7 Rf7 32. Ng5 Ne5 33. Nf3 Ng4 34.
Ng5 Rf6 35. Ne6 Re7 36. Rf1 Ref7 37. Rh4 Ne3 38. Rfxf4 Rxf4 39. Rxf4 Rxf4 40.
Nxf4 Nc2 41. Ne6 Nxa3 42. Nxc7 b5 43. cxb5 axb5 44. Ne8 Nc2 45. Nxd6 b4 46. Nf5
Na1 47. d6 Kf7 48. d7 1-0

[Event "Høstturneringen 2012"]
[Site "Ås, Akershus NOR"]
[Date "2012.09.13"]
[Round "2"]
[White "Stensland, Martin"]
[Black "Thowsen, Alf Geir"]
[Result "0-1"]
[WhiteElo "1160"]
[BlackElo "1154"]
[PlyCount "58"]
[EventDate "2012.08.30"]

1. d4 Nf6 2. Nc3 d5 3. Bf4 a6 4. e3 Nc6 5. Nf3 e6 6. a3 Bd6 7. Bg5 h6 8. Bh4
Be7 9. Bd3 Nd7 10. Bxe7 Qxe7 11. Qd2 Nf6 12. O-O Bd7 13. Rfe1 O-O 14. e4 dxe4
15. Bxe4 Nxe4 16. Rxe4 f5 17. Re2 Rad8 18. Nd5 (18. d5 Na7 19. Qd4 Nb5 20. Nxb5
axb5 21. Qe5 Bc8 22. dxe6) 18... Qf7 19. Nf4 Qf6 20. c3 Rfe8 21. Ne5 Nxe5 22.
Rxe5 Qg5 23. Rae1 Qf6 24. R1e3 g5 25. Rg3 Bc6 26. Nh5 (26. Qe2 Bb5 27. Qe1 Bc4
28. h4 Kf8 29. hxg5 hxg5 30. Nh3 g4 31. Nf4) 26... Qxe5 27. Rxg5+ hxg5 28.
Qxg5+ Kf7 29. f4 Qe1# 0-1

[Event "Høstturneringen 2012"]
[Site "Ås, Akershus NOR"]
[Date "2012.09.13"]
[Round "2"]
[White "Kielland-Lund, Jon"]
[Black "Snellingen, Jørn"]
[Result "1/2-1/2"]
[WhiteElo "1587"]
[BlackElo "1836"]
[PlyCount "101"]
[EventDate "2012.08.30"]

1. c4 e5 2. Nc3 c6 3. Nf3 d6 4. d4 Nd7 5. e4 Ngf6 6. d5 Qb6 7. Qb3 Nc5 8. Qxb6
axb6 9. Nd2 Be7 10. Be2 h5 11. b4 Na4 12. Nxa4 Rxa4 13. a3 Bd7 14. f3 h4 15.
Nb3 Nh5 16. Be3 c5 17. bxc5 bxc5 18. O-O g5 19. Nd2 Nf4 20. Bxf4 gxf4 (20...
exf4 21. e5 dxe5) 21. h3 Rg8 22. Kh2 Kd8 23. Rfb1 Kc7 24. Rb3 Rga8 25. Nb1 R4a5
26. Ra2 Ba4 27. Rc3 Bd8 28. Rb2 Kc8 29. Kg1 R5a7 30. Kf2 Ba5 31. Rc1 Kc7 32.
Bd3 Ra6 33. Bc2 Bd7 34. Bd3 Rb6 35. Rxb6 Bxb6 36. Rc2 Ra6 37. Rb2 Ba5 38. Ke2
Bb6 39. Kf2 Ba5 40. Ke2 Rb6 41. Rxb6 Kxb6 42. Bc2 Ka6 43. Kd3 b5 44. Bb3 Be1
45. Nc3 b4 46. axb4 cxb4 47. Nb5 Bxb5 48. cxb5+ Kxb5 49. Ke2 Bg3 50. Kd3 Kc5
51. Bc4 1/2-1/2

[Event "Høstturneringen 2012"]
[Site "Ås, Akershus NOR"]
[Date "2012.09.13"]
[Round "2"]
[White "Simonsen, Steinar"]
[Black "Furnes, Torstein"]
[Result "0-1"]
[WhiteElo "1336"]
[BlackElo "1614"]
[PlyCount "96"]

1. e4 c5 2. Nf3 Nc6 3. d4 cxd4 4. Nxd4 e5 5. Nxc6 bxc6 6. Bc4 Nf6 7. Nc3 Bb4 8.
Qd3 O-O 9. Bd2 Bb7 10. O-O d5 11. Ba6 Bxa6 (11... dxe4 12. Qxd8 Raxd8 13. Bxb7
Rxd2 14. Bxc6 Rxc2) 12. Qxa6 d4 13. Nb1 Bxd2 14. Nxd2 Qc7 15. Rac1 Rab8 16. b3
Rb6 17. Qd3 c5 18. Nc4 Re6 19. c3 Rd8 20. Rfe1 Re7 21. h3 Red7 22. Qg3 Re8 23.
Qd3 Qc6 24. f3 Nh5 25. cxd4 exd4 26. Qd2 Qf6 27. e5 Qf4 28. Qxf4 Nxf4 29. Nd6
Red8 30. Rc4 f6 31. Re4 $6 (31. Rd1) 31... fxe5 32. Nf5 d3 33. Ne3 d2 34. Nd1
Nd3 (34... Rd5) 35. Rc2 Nc1 36. Kf2 (36. Rxe5) 36... Kf7 37. Re3 Rd5 38. g4 Kf6
39. h4 a5 40. Rec3 h6 41. Rxc5 $2 Rxc5 42. Rxc5 Nd3+ 43. Ke3 Nxc5 44. Ke2 e4
45. f4 h5 46. Ne3 hxg4 47. Nxg4+ Kf5 48. Ne3+ Kxf4 0-1